• 首页
  • 本馆介绍
  • 公告通知
  • 最新文献
  • 馆藏检索
  • 电子资源
  • 读者导购
  • 参考咨询
  • 我的图书馆
  • 登录
  • 详细信息显示
  • 放入我的书架
  • 预约/预借图书
  • 作者相关作品
  • 分类相关作品
  • 丛书相关作品
  • 出版社相关作品

书目信息

  • 表格格式
  • 工作单格式
  • 卡片格式
题名:
绿色化学原理与绿色产品设计
    
 
作者: 李群 , 代斌 主编
分册:  
出版信息: 北京   化学工业出版社  2017重印
页数: 247页
开本: 26cm
丛书名:
单 册:
中图分类: TQ02-43 , X78-43
科图分类:
主题词: 化学工业--hua xue gong ye--无污染技术--高等学校--教材 , 产品设计--chan pin she ji--无污染技术--高等学校--教材
电子资源:
ISBN: 978-7-122-03050-4
000 00909nam0 2200289 45
001 012001000944
005 20140107092313.0
010    @a978-7-122-03050-4@dCNY28.00
099    @aCAL 012008125065
100    @a20080728d2008 ekmy0chiy0121 ea
101 0  @achi
102    @aCN@b110000
105    @aak a 000yy
106    @ar
200 1  @a绿色化学原理与绿色产品设计@ALu^ Se Hua Xue Yuan Li Yu Lu^ Se Chan Pin She Ji@f李群, 代斌主编
210    @a北京@c化学工业出版社@d2017重印
215    @a247页@c图@d26cm
300    @a高等学校“十一五”规划教材
320    @a有书目
606 0  @a化学工业@Ahua xue gong ye@x无污染技术@x高等学校@j教材
606 0  @a产品设计@Achan pin she ji@x无污染技术@x高等学校@j教材
690    @aTQ02-43@v4
690    @aX78-43@v4
701  0 @a李群@ALi Qun@4主编
701  0 @a代斌@ADai Bin@4主编
801  0 @aCN@b北京卓展文化@c20191020
905    @b1201195-8@dTQ02-43@e518@f4
    
    绿色化学原理与绿色产品设计/李群, 代斌主编.-北京:化学工业出版社,2017重印
    247页:图;26cm
    高等学校“十一五”规划教材
    
    ISBN 978-7-122-03050-4:CNY28.00
    
●
相关链接 在E读中查询图书 在五车中查询图书 在当当中查询图书 在豆瓣中查询图书


正题名:绿色化学原理与绿色产品设计     索取号:TQ02-43/518         预约/预借

序号 登录号 条形码 馆藏地/架位号 状态 备注
1 1201195   212011954   第二样本阅览室/ [索取号:TQ02-43/518] 在馆    
2 1201196   212011963   第三借阅区/ [索取号:TQ02-43/518] 在馆    
3 1201197   212011972   第三借阅区/ [索取号:TQ02-43/518] 在馆    
4 1201198   212011981   第三借阅区/ [索取号:TQ02-43/518] 在馆    
唐山师范学院图书馆 欢迎您!
大连网信软件有限公司© 版权所有